| 000 | 00452nam a2200169Ia 4500 | ||
|---|---|---|---|
| 003 | LK-CoDNM | ||
| 005 | 20240801100020.0 | ||
| 008 | 010623t1925 xxu||||| |||| 00| 1 eng d | ||
| 040 |
_aLK-CoDNM _dLK-CoDNM _eLK-CoDNM |
||
| 041 |
_aeng _aSanskrit |
||
| 080 |
_a8 _bO9 |
||
| 100 | _aKale,M.R. | ||
| 245 | _aThe Ratnavali of Sri Harsha-Deva | ||
| 260 |
_bGopal Narayan and Company _aBombay _c1925 |
||
| 300 | _b300p. ; 21 260: Second cm | ||
| 942 | _cBK | ||
| 999 |
_c92841 _d92841 |
||